[Event "SCO-ch"]
[Site "Edinburgh"]
[Date "1999.07.17"]
[Round "2"]
[White "Rowson, Jonathan"]
[Black "Shaw, John"]
[Result "1-0"]
[WhiteElo "2490"]
[BlackElo "2410"]
[Annotator "Rowson,J"]
[PlyCount "51"]
[EventDate "1999.07.16"]
[EventType "swiss"]
[EventRounds "9"]
[EventCountry "SCO"]
[SourceTitle "CBM 071 Extra"]
[Source "ChessBase"]
[SourceDate "1999.09.14"]
[SourceVersion "1"]
[SourceVersionDate "1999.09.14"]
[SourceQuality "1"]

{[%mdl 8320]} 1. e4 c5 2. Nf3 Nc6 3. Nc3 {I wasn't in the mood for a
Kalashnikov and I don't think John has ever been fully tested in The Dragon.}
g6 (3... e5 $5) 4. d4 cxd4 5. Nxd4 Bg7 6. Be3 Nf6 7. Bc4 O-O (7... Qa5 $5) 8.
Bb3 d6 {After some thought.} (8... a5 $5) 9. f3 Bd7 10. Qd2 a5 {What's this?...
...Whatever it is I wasn't displeased to see it.} 11. a4 $1 {It didn't take
long for me to see that this was the right move, otherwise Black has lots of
tricks based on ...a4.} Rc8 12. O-O $5 {I remember Short doing this in some
sort of Yugoslav attack though I can't remember the details. Once Black has
allowed the queenside to be fixed White can use his extra kingside space to
target the weakened squares around Black's King. It's less clear what Black
should do.} Nxd4 ({After} 12... Ne5 {I intended} 13. Rad1 $5 Nc4 14. Bxc4 Rxc4
15. b3 Rc8 (15... Rc5 16. Ne6 $1) 16. Nd5 {when the positional threat of c4
seems to oblige} Nxd5 17. exd5 e5 18. dxe6 fxe6 19. c4 {When Black's position
looks very loose.}) 13. Bxd4 Bc6 (13... Be6 14. Bxe6 fxe6 15. Rad1 $14) 14.
Rae1 $5 {I took a long time over this because Black's intentions are now clear
and I need an exact response to keep the initiative. Essentially I have to
deal with the simplifying threat of ...Nd7, ...Bxd4 and ...Qb6 whilst trying
to make progress with my own ideas.} (14. f4 $2 e5 $1) (14. Rf2 $5 Nd7 15. Bxg7
Kxg7 16. f4 $14) (14. Kh1 $1 {(N.Short) is probably best here because it's
never very clear that the Queen's rook is particularly useful on e1. Then
Black would have to deviate from the game continuation because White's attack
would be even more dangerous with an extra move.}) 14... Nd7 15. Bxg7 $1 {
This felt like some sort of concession because I don't normally shy away from
endgame transitions and the game contiouation virtually forces me to sacrafice
material. However,} (15. f4 Bxd4+ 16. Qxd4 Qb6 17. Qxb6 Nxb6 18. e5 d5 $1 19.
Rd1 Rfd8 20. Rd4 e6 {leaves white with an inferior version of a well known
French endgame which tends to be drawn in any case. It is hard for White to
improve the placement of the minor pieces.}) 15... Kxg7 16. f4 Qb6+ $5 {
Played very quickly, but I think this plan may be too ambitious.........After
the game we initially found it very difficult to conceive of any alternative
but we thought} (16... f6 $5 {may be better than it looks. The e6 square is a
glaring weakness, but that's where the bad news ends because it's not so easy
to make sense of white's position.} 17. Be6 (17. Ne2 $5 {may be the only way
to strive for the advantage.} Bxe4 (17... Nc5 18. Nd4 Bd7 19. e5 $16) (17...
Qb6+ $5 18. Kh1 Nc5 19. Nd4 Bd7 20. e5 (20. f5 $1 $40) 20... fxe5 21. fxe5 dxe5
) 18. Nd4 Nc5 19. Rxe4 Nxe4 20. Ne6+ Kh8 21. Qd4 $16) 17... Qb6+ 18. Kh1 Qxb2 {
looks promising for Black because he has ...Nc5 as a good exchange sacrafice
to defuse any attack.}) 17. Kh1 Nc5 18. f5 $1 $40 (18. Qd4+ $6 Kg8 19. f5 Nxa4)
18... Nxb3 19. cxb3 Qxb3 20. Rf3 $44 {I hadn't look very deeply at this
position but my hunch was that White had at least enough and mabye more for
the pawn. The threat of Nd5, Rh3 and the hovering punch of my f-pawn looked
like an awful lot for Black to deal with.} Qb4 $2 {John may have made small
mistakes up til now, but this is definitely an error......} (20... f6 $1 {
was clearly the right way to go, after which the position seems more unclear
than anything else. Black's position is fundamentally quite sound and it seems
I can only win material back or create threats by allowing Black's rooks some
significant activity. A full and conclusive analysis would be very time
consuming, but the following gives some idea of how things could then develop.
The only thing I am certain of is that White is not worse.} 21. Nd5 Qxa4 22.
Nb6 (22. Ra3 Qc4 $1 {seems to just mis-place my rook, though this rook swinger
was John's main concern.}) (22. fxg6 hxg6 23. Rh3 Rh8 24. Nxe7 Rxh3 25. Nxc8
Bxe4 26. Qxd6 Bxg2+ 27. Kg1 Qg4 28. Re7+ Kh6 29. Qd2+ g5 30. Qxg2 Qxc8 31. Qe4
{is absolutely not forced, but I have a feeling the truth lies somewhere in
this line.} Qg8 32. Qf5) (22. Rh3 $5 g5 23. Rg3 $13) 22... Qb5 (22... Qb4 $5)
23. Nxc8 Rxc8 {looks fine for Black; I don't see any kill on the kingside.})
21. Rh3 Rh8 $2 {A further, and decisive error; now I saw a forced win; I think
John had missed the final move. Black had to try} (21... h5 {when} 22. Rxh5 (
22. Qg5 $5 {may be even stronger.} Rh8 {may hold it together though.}) 22...
Rh8 23. Rg5 {looked more comfortable for white to me, but Short thinks Black
is better after} (23. Rxh8 Rxh8 24. fxg6 f6 $1 $15 {(Short).}) 23... Rh6 {
Who am I to argue? But I still think White's position is easier to play, even
if Black ha some positional advantages.} 24. fxg6 f6 25. Rg3 Rch8 26. h3 Rxg6 {
I don't see any other plan.} 27. Rxg6+ Kxg6 {Hmmm. Mabye I see his point;
Black goes ...Kf7 and White is left without much to do......As Short put it,
mabye White's entire conception is flawed.}) 22. Qh6+ Kg8 23. fxg6 fxg6 24. Rf3
Qd4 25. Ref1 Qg7 26. Qh3 $1 {Black is playing a rook down and there is no
adequate answer to Qe6+.} 1-0

[Event "RUS-Cup02"]
[Site "Moscow"]
[Date "1998.??.??"]
[Round "7"]
[White "Korneev, Oleg"]
[Black "Bezgodov, Alexei"]
[Result "1-0"]
[WhiteElo "2560"]
[BlackElo "2520"]
[Annotator "Schulz,Andre"]
[PlyCount "111"]
[EventDate "1998.01.21"]
[EventType "swiss"]
[EventRounds "9"]
[EventCountry "RUS"]
[SourceTitle "CBM 063"]
[Source "ChessBase"]
[SourceDate "1998.03.26"]
[SourceVersion "1"]
[SourceVersionDate "1998.03.26"]
[SourceQuality "1"]

1. e4 c5 2. Nf3 d6 3. d4 cxd4 4. Nxd4 Nf6 5. Nc3 g6 6. Be3 Bg7 7. f3 O-O 8. Qd2
Nc6 9. Bc4 Nd7 {Dieses Springermannöver zur Besetzung von c4 ist nicht sehr
beliebt, weil es ziemlich lange dauert. Außerdem fehlt der N am Königsflügel,
falls Weiß zum Angriff mit h2-h4 kommt.} (9... Bd7) 10. O-O-O Nb6 11. Bb3 Na5
12. Qd3 Nxb3+ (12... Bd7 13. h4 Rc8 14. h5 Nbc4 15. hxg6 hxg6 16. Bh6 e6 17. f4
e5 18. Nf5 Bxf5 19. exf5 Nxb2 20. Kxb2 e4 21. Bxg7 Kxg7 22. Nxe4 {1-0 Fischer,
R-Purevzhav,S/Varna olm 1962/MCD-ol}) 13. axb3 (13. cxb3 $5 {ist bei Tausch
auf b3 immer eine prüfenswerte Option. Weiß kann dann auf der c-Linie immer
mitspielen.}) 13... a5 14. Nde2 (14. Ndb5 $5 Bd7 15. Nxd6 exd6 16. Qxd6 Ra6 17.
Bxb6 Qg5+ 18. Kb1 Qxg2 19. Qg3 Qxg3 20. hxg3 Bg4 21. fxg4 Rxb6 22. Rd7 Re6 23.
Re1 b6 24. Nd5 {1-0 Barua,D-Spangenberg,H/Erevan olm 1996/EXT 96ch2 (31)})
14... a4 15. b4 a3 16. b3 d5 17. Bd4 (17. Nxd5 $4 a2 $19) 17... e5 18. Bxb6
Qxb6 19. Nxd5 Qf2 20. g4 Be6 21. Nec3 (21. Nc7 Rfd8) 21... Rfd8 22. Kb1 a2+ 23.
Ka1 Bf8 24. Rd2 Qh4 25. Qe2 Rd6 26. Rhd1 Rad8 27. Rd3 Rc8 28. Kxa2 Rdc6 29. Kb2
Bxd5 30. exd5 R6c7 31. d6 Bxd6 32. Rxd6 Rxc3 33. R1d2 Qe7 34. R6d3 f6 35. Qe4
R3c7 36. h4 Kg7 37. g5 Re8 38. gxf6+ Qxf6 39. Rd6 Re6 40. Rd7+ Re7 41. R7d6 Re6
42. Rxe6 Qxe6 43. f4 Re7 44. fxe5 Qxe5+ 45. Qxe5+ Rxe5 46. Rd7+ Kh6 47. Rxb7
Re4 48. b5 Rxh4 49. c4 g5 50. b6 Rf4 51. Rc7 Rf8 52. b7 Rb8 53. c5 g4 54. c6 g3
55. Rd7 g2 56. Rd1 1-0

[Event "Hoogovens"]
[Site "Wijk aan Zee"]
[Date "1999.01.31"]
[Round "13"]
[White "Shirov, Alexei"]
[Black "Ivanchuk, Vassily"]
[Result "1/2-1/2"]
[WhiteElo "2726"]
[BlackElo "2714"]
[Annotator "Schulz,Andre"]
[PlyCount "89"]
[EventDate "1999.01.16"]
[EventType "tourn"]
[EventRounds "13"]
[EventCountry "NED"]
[EventCategory "17"]
[SourceTitle "CBM 069"]
[Source "ChessBase"]
[SourceDate "1999.04.01"]
[SourceVersion "1"]
[SourceVersionDate "1999.04.01"]
[SourceQuality "1"]

1. e4 c5 2. Nf3 Nc6 3. Nc3 g6 4. d4 cxd4 5. Nxd4 Bg7 6. Be3 Nf6 7. Bc4 O-O 8.
Bb3 d6 9. f3 Bd7 10. Qd2 {Dies ist eine der Grundstellungen der
Drachenvariante mit 9.Lc4, die allerdings über eine Zugumstellung aus dem
Beschleunigten Drachen entstanden ist. Der Unterschied besteht darin, daß Weiß
statt 0-0-0 schon Lc4-b3 gezogen hat. Dies macht sich Schwarz nun zunutze.}
Nxd4 (10... Rc8 {führt zu den üblichen Varianten.}) 11. Bxd4 b5 {Mit einem
Läufer auf c4 ginge das nicht.} 12. h4 ({Alternativen sind} 12. O-O) (12. a4 {
oder} b4 13. Nd5) 12... a5 {Wie man sieht, kommt Schwarz nach Sxd4, b5 und nun
a5 sehr schnell am Damenflügel voran. Weiß muß reagieren. Wenn Weiß also den
Lc4 früh nach b3 zieht (bevor Schwarz Tc8 gespielt hat), dann ist Sxd4 und b5
eine gute Möglichkeit.} 13. a4 bxa4 14. Nxa4 Be6 ({Guten Erfolg hat Schwarz mit
} 14... e5 15. Be3 Be6 {erzielt.} {Nach z.B.} 16. Nb6 {ist} Rb8 17. Nd5 Bxd5 {
gut für Schwarz, weil Weiß auf d5 nicht mit dem Läufer nehmen kann 
(ungedeckter b2).} {Und nach} 18. exd5 {steht immer der unangenehme Vorstoß
e5-e4 im Raum.}) 15. Nb6 Ra6 $1 {Der Bauer a5 bleibt gedeckt.} ({Eine
Verbesserung gegenüber} 15... Rb8 16. Nd5 Bxd5 17. exd5 Rb5 18. Ra4 Qc7 19. h5
$5 Ra8 $2 {Danach braucht Weiß nichts zu beweisen und steht besser.} ({Die
kritische Fortsetzung war auch hier} 19... Nxh5 20. Bxg7 Kxg7 21. g4 Nf6 22.
Qh6+ Kg8 23. Rf4 Rfb8 24. Rxf6 exf6 25. Qxh7+ Kf8 26. Kd1 Qc5 {wonach Weiß
zwar alle schwarzen Königsflügelbauern gewinnt, aber mit seinem Mattangriff
nicht durchdringt. Die unsichere weiße Königsstellung sollte Schwarz zum Remis
reichen.}) 20. hxg6 hxg6 21. g4 Rb4 $2 22. Qxb4 $1 axb4 23. Rxa8+ Bf8 24. Kf2
g5 25. Rha1 $18 {1-0 Hort,V-Forintos,G/Athens 1969/MCD (36)}) 16. Nd5 Bxd5 17.
exd5 Qc7 18. Ra4 Rb8 {Fast die gleiche Stellung wie in Hort-Forintos, 1969.
Dort mußte Schwarz aber mit Tb6-b5 seinen Bauern a5 decken. Das heißt Schwarz
hat hier ein Tempo mehr.} 19. h5 Nxh5 20. Bxg7 (20. Rxh5 $2 {taugt nichts.}
Bxd4 (20... gxh5 21. Qg5 f6) 21. Rxd4 gxh5 22. Qg5+ Kh8 23. Rh4 Rg8 24. Qxh5
Rg7 $17) 20... Kxg7 21. g4 Nf6 22. Qh6+ Kg8 23. Rf4 (23. g5 $2 Nh5 24. Rxh5
gxh5 25. Rh4 Rxb3 $19) 23... Qc5 ({Zu gefährlich ist} 23... a4 $2 24. Rxf6 exf6
25. Kf2 (25. Kd1 $4 axb3 $19) 25... f5 (25... Z0 $140 26. Qxh7+ Kf8 27. Re1) (
25... Qc5+ 26. Kg3 $1) 26. Qxh7+ Kf8 27. gxf5 Qb6+ (27... axb3 28. f6 $18) 28.
Kg2 gxf5 29. Qh6+ Ke7 30. Qg5+ Kd7 31. Qxf5+ $18) 24. Rxf6 exf6 25. Kd1 (25.
Qxh7+ Kf8 26. Qh8+ Ke7 27. Qxb8 Qe3+ $11) 25... Rxb3 (25... Qd4+ $5 26. Kc1 Qb4
) 26. cxb3 Qxd5+ 27. Kc2 Rc6+ 28. Kb1 Qd3+ 29. Ka2 g5 30. Qxf6 Qg6 31. Qe7 Kg7
32. Rd1 h6 33. Qd7 Ra6 (33... Qc2 $2 34. Rxd6 Rc3 35. Rb6 Rxf3 36. Qd4+ Kh7 37.
Rb8 $18) 34. Qc8 Rb6 35. Qc7 Ra6 36. Qc8 Ra7 37. Qc6 d5 38. Qc3+ f6 39. Rxd5 a4
40. bxa4 Qf7 41. Qb3 Rxa4+ 42. Qxa4 Qxd5+ 43. Qb3 Qa5+ 44. Qa3 Qd5+ 45. Qb3
1/2-1/2

[Event "Excelsior Cup"]
[Site "Gothenburg"]
[Date "1999.01.10"]
[Round "4"]
[White "Astrom, Robert"]
[Black "Barkhagen, Jonas"]
[Result "1-0"]
[WhiteElo "2462"]
[BlackElo "2415"]
[Annotator "Schulz,Andre"]
[PlyCount "81"]
[EventDate "1999.01.07"]
[EventType "tourn"]
[EventRounds "9"]
[EventCountry "SWE"]
[EventCategory "10"]
[SourceTitle "CBM 069"]
[Source "ChessBase"]
[SourceDate "1999.04.01"]
[SourceVersion "1"]
[SourceVersionDate "1999.04.01"]
[SourceQuality "1"]

1. Nf3 c5 2. e4 d6 3. d4 cxd4 4. Nxd4 Nf6 5. Nc3 g6 6. Be3 Bg7 7. f3 O-O 8. Qd2
Nc6 9. Bc4 Nd7 {Ein Manöver zur Eroberung von c4 (Sd7-b6, Sc6-a5(e5)-c4. Das
kostet viel Zeit und außerdem fehlt der wichtige Verteidigungsspringer Sf6
vielleicht einmal am Königsflügel.} 10. h4 Nb6 11. Bb3 Na5 12. O-O-O ({
Häufiger wird} 12. Qd3 {gespielt.}) 12... Nbc4 13. Qe2 Nxb3+ 14. cxb3 Nxe3 15.
Qxe3 $11 {Dadurch, daß Weiß Sc4 zugelassen hat, konnte Schwarz den Le3
abtauschen, was unmittelbare Mattgefahren erst einmal beseitigt hat. Außerdem
hat Schwarz das Läuferpaar erhalten. Andererseits kann Weiß nach h4-h5 auf der
h-Line arbeiten, Sd5 wird einmal lästig sein und auch die c-Line steht zur
Verfügung.} b5 $6 {Im Drachen und in vielen anderen scharfen Sizilianern wirft
Schwarz den b-Bauern gerne einfach weg, um Weiß am Damenflügel zu beschäftigen.
Vermutlich kann Weiß hier sofort nehmen ohne Schlimmes befürchten zu müssen.
Wenn er das wie hier nicht macht, stellt sich aber tatsächlich die Frage, was
Schwarz denn mit dem Vormarsch erreicht?} (15... Bd7 $5 16. Z0 Rc8 $140) 16. h5
Bd7 17. Kb1 b4 18. Nd5 e6 $6 (18... a5) 19. Nxb4 Qf6 20. Nbc2 Rfc8 21. Qd2 Rc5
(21... g5 $5) 22. hxg6 fxg6 23. Ne3 h5 24. b4 (24. Ne2) 24... Rc7 25. Nb3 Rb7
26. Na5 Rb5 27. e5 (27. Nac4 $142) 27... Rxe5 28. Nac4 Rg5 29. Qxd6 Bb5 30. Rd2
Rc8 31. Rc1 h4 $2 (31... Bf8 32. Qd4 Qxd4 33. Rxd4 Bxb4 34. Nd6 Rxc1+ 35. Kxc1
Bxd6 36. Rxd6 Kf7 $11) 32. a3 Kh7 33. Ka2 Bxc4+ 34. Rxc4 Rxc4 35. Nxc4 h3 36.
gxh3 Qxf3 37. Qxe6 Qf4 (37... Rg3 $142) 38. Rd7 Rg2 39. Qf7 Qxc4+ 40. Qxc4
Rxb2+ 41. Ka1 1-0

[Event "Rubinstein Memorial 36th"]
[Site "Polanica Zdroj"]
[Date "1999.08.20"]
[Round "4"]
[White "Sutovsky, Emil"]
[Black "Van Wely, Loek"]
[Result "0-1"]
[WhiteElo "2587"]
[BlackElo "2629"]
[Annotator "Schulz,Andre"]
[PlyCount "82"]
[EventDate "1999.08.17"]
[EventType "tourn"]
[EventRounds "9"]
[EventCountry "POL"]
[EventCategory "15"]
[SourceTitle "CBM 073"]
[Source "ChessBase"]
[SourceDate "1999.12.01"]
[SourceVersion "1"]
[SourceVersionDate "1999.12.01"]
[SourceQuality "1"]

1. e4 c5 2. Nc3 Nc6 3. Nf3 g6 4. d4 cxd4 5. Nxd4 Bg7 6. Be3 Nf6 7. Bc4 O-O 8.
Bb3 d6 9. f3 Bd7 10. Qd2 {Die Partie begann mit der Beschleunigten
Drachenvariante (2...Sc6) und ist nun fast in eine Standardstellung aus dem
Klassischen Drachen übergegangen. Der Hauptunterschied besteht darin, daß Weiß
frühzeitig den Lc4 nach b3 gezogen hat. Weiß hat damit weniger Kontrolle über
das Feld b5, was sich Schwarz in diesem Sonderfall zunutzte machen kann.} Nxd4
(10... Ne5 11. O-O-O {usw. führt zur Hauptvariante.}) 11. Bxd4 b5 {Das ist die
Idee des Tauschs auf d4.} 12. O-O ({Zuletzt stand gelegentlich die schärfere
Fortszetzung} 12. h4 a5 13. a4 {zur Debatte.}) 12... b4 ({Häufiger wird} 12...
a5 13. a4 b4 {gespielt.}) 13. Nd5 Nxd5 14. exd5 (14. Bxd5 Bxd4+ 15. Qxd4 Rc8
16. Qxa7 Rxc2 $11) 14... Bxd4+ 15. Qxd4 a5 (15... Bb5 16. Rfe1 a5 17. a4 Ba6 {
1/2-1/2 Browne,W-Mihaljcisin,M/Sarajevo 1970/EXT 98 (79)}) 16. Rfe1 Re8 17. h4
{Der schwarze Königsflügel ist völlig ungeschützt, dafür ist der weiße Lb3
nicht gerade der Held. Die Chancen halten sich die Waage.} Qc7 18. h5 Rac8 {
nun droht aber a5-a4} 19. h6 Qc5 (19... f6 20. a4 Qc5) 20. Qxc5 Rxc5 21. a3
bxa3 22. Rxa3 $11 f5 23. Rea1 Ra8 24. Ba4 Bxa4 25. Rxa4 Rb8 (25... Rxd5 26. b4)
(25... Rxc2 26. b4) 26. Rxa5 Rxc2 27. Re1 Rc7 (27... Rbxb2 28. Rxe7 Rxg2+ $11)
28. f4 Kf7 29. Re6 $2 ({Besser war} 29. Re2 Rb4 30. g3 Rcb7 31. Ra8 $11) 29...
Rb4 (29... Rxb2 30. Ra8 Rb5 31. Rh8 Rxd5 32. Rxe7+ $1 Rxe7 (32... Kxe7 33.
Rxh7+ Kd8 (33... Kf6 34. Rxc7 $16) 34. Rxc7 Kxc7 35. h7 $18) 33. Rxh7+ Kf6 34.
Rxe7 $16) 30. Ra8 $2 (30. g3 $5 Rxb2 $140 {[%cal Rc7c1]} 31. Re1 Rc3 (31... Rb3
32. Kh2 Rb2+ 33. Kg1) 32. Ra7) 30... Rxf4 31. g3 (31. Rh8 Rc1+ 32. Kh2 Rh4+ 33.
Kg3 Rxh6 $19) 31... Rc1+ 32. Kg2 Rc2+ $19 33. Kg1 Rd4 34. Re1 Rdd2 35. b4 g5
36. b5 Rxd5 37. b6 Rb2 38. Rb8 Kg6 39. b7 Kxh6 40. g4 fxg4 41. Rg8 Rxb7 0-1